[Event "World Blitz Women 2025"]
[Site "Doha QAT"]
[Date "2025.12.30"]
[Round "12.27"]
[White "Yu, Jennifer"]
[Black "Mammadova, Gulnar"]
[Result "1-0"]
[WhiteTitle "FM"]
[BlackTitle "IM"]
[WhiteElo "2276"]
[BlackElo "2330"]
[WhiteFideId "2078341"]
[BlackFideId "13403508"]
[EventDate "2025.12.29"]

1. c4 e5 2. Nc3 Nc6 3. g3 Nf6 4. Bg2 Bb4 5. Nd5 Bc5 6. e3 O-O 7. Ne2 Re8 8. O-O
Bf8 9. b3 d6 10. Bb2 Nxd5 11. cxd5 Ne7 12. d4 Ng6 13. dxe5 Nxe5 14. Nd4 g6 15.
Rc1 Bg7 16. Qc2 Re7 17. h3 f5 18. f4 Nf7 19. Ne6 Bxe6 20. dxe6 Rxe6 21. Bxg7
Kxg7 22. Bxb7 Rb8 23. Qxc7 Rxe3 24. Bd5 Re7 25. Qc3+ Kh6 26. g4 1-0

[Event "World Blitz Women 2025"]
[Site "Doha QAT"]
[Date "2025.12.30"]
[Round "12.28"]
[White "Luong Phuong Hanh"]
[Black "Charkhalashvili, Inga"]
[Result "0-1"]
[WhiteTitle "WIM"]
[BlackTitle "WGM"]
[WhiteElo "2236"]
[BlackElo "2235"]
[WhiteFideId "12401013"]
[BlackFideId "13601431"]
[EventDate "2025.12.29"]

1. d4 Nf6 2. Nf3 e6 3. g3 b6 4. Bg2 Bb7 5. O-O c5 6. c4 cxd4 7. Qxd4 Bc5 8. Qh4
Qc8 9. Nc3 Nc6 10. Bg5 Be7 11. Qf4 O-O 12. Nb5 Qb8 13. Qc1 a6 14. Nc3 d6 15. Rd1
Rd8 16. Be3 Nd7 17. Na4 b5 18. Nb6 Nxb6 19. Bxb6 Rc8 20. Be3 Na5 21. c5 dxc5 22.
Rd7 Nc6 23. Bf4 Qa7 24. Ne5 Qb6 25. Nxc6 Bxc6 26. Rxe7 Bxg2 27. Kxg2 Qd8 28. Rb7
Qd5+ 29. f3 Qxb7 30. Qe3 Qd5 31. Rc1 f6 32. b3 e5 33. Bh6 gxh6 34. Qxh6 Qf7 35.
Qh4 c4 36. bxc4 Rxc4 37. Rd1 Rxh4 0-1

[Event "World Blitz Women 2025"]
[Site "Doha QAT"]
[Date "2025.12.30"]
[Round "12.29"]
[White "Batsiashvili, Nino"]
[Black "Kurmangaliyeva, Liya"]
[Result "0-1"]
[WhiteTitle "GM"]
[BlackTitle "FM"]
[WhiteElo "2462"]
[BlackElo "2339"]
[WhiteFideId "13602993"]
[BlackFideId "13725831"]
[EventDate "2025.12.29"]

1. d4 d5 2. Nf3 Nf6 3. Bf4 c5 4. e3 Nc6 5. Nbd2 Nh5 6. dxc5 Nxf4 7. exf4 a5 8.
Bb5 e6 9. Ne5 Qc7 10. Nd3 g6 11. O-O Bg7 12. c4 O-O 13. Qa4 Nd4 14. g3 h5 15. h4
b6 16. cxb6 Qxb6 17. c5 Qxb5 18. Qxb5 Nxb5 19. a4 Nd4 20. Rfd1 Ba6 21. Ne5 Rfc8
22. Nd7 Ra7 23. Ne5 Rxc5 24. Nf1 Bxe5 25. fxe5 Nf3+ 26. Kg2 Nxe5 27. Ne3 Rb7 28.
Rdc1 Rxc1 29. Rxc1 Rxb2 30. Rc5 Rxf2+ 31. Kg1 Re2 32. Rxa5 Nf3+ 33. Kf1 Bd3 34.
Nxd5 Rd2# 0-1

[Event "World Blitz Women 2025"]
[Site "Doha QAT"]
[Date "2025.12.30"]
[Round "12.30"]
[White "Gaal, Zsoka"]
[Black "Balajayeva, Khanim"]
[Result "1-0"]
[WhiteTitle "IM"]
[BlackTitle "IM"]
[WhiteElo "2374"]
[BlackElo "2351"]
[WhiteFideId "777765"]
[BlackFideId "13406396"]
[EventDate "2025.12.29"]

1. d4 d5 2. c4 e6 3. Nc3 Be7 4. cxd5 exd5 5. Bf4 c6 6. e3 Bf5 7. Nf3 Nf6 8. h3
Nbd7 9. Bd3 Bxd3 10. Qxd3 O-O 11. O-O Re8 12. Bh2 Nf8 13. Ne5 Bd6 14. f4 N6d7
15. Rae1 f6 16. Nf3 Qc7 17. g4 Kh8 18. Rf2 Rad8 19. g5 fxg5 20. Nxg5 Nf6 21. Nf3
c5 22. Nb5 Qb6 23. Nxd6 Qxd6 24. f5 Qb6 25. Be5 N8d7 26. Rg2 Re7 27. Kh1 Rde8
28. Reg1 cxd4 29. exd4 Nxe5 30. dxe5 Ne4 31. Qxd5 Nf2+ 32. Kh2 Rd8 33. Qb3 Nd3
34. Qxb6 axb6 35. e6 Nf4 36. Rc2 g6 37. Ne5 Rf8 38. fxg6 Rxe6 39. g7+ Kg8 40.
gxf8=Q+ Kxf8 41. Nf3 Re3 42. Rf2 Nd3 43. Rff1 Ke7 44. Rg7+ Kd6 45. Rxh7 Re2+ 46.
Kg3 Rxb2 47. h4 Kc5 48. h5 Rb4 49. h6 Nf4 50. Rc1+ Kd5 51. Rd1+ Ke4 52. Re7+ Kf5
53. Re5+ Kf6 54. Rd6+ Kf7 55. Rf5+ 1-0

[Event "World Blitz Women 2025"]
[Site "Doha QAT"]
[Date "2025.12.30"]
[Round "12.31"]
[White "Bivol, Alina"]
[Black "Gong, Qianyun"]
[Result "0-1"]
[WhiteTitle "IM"]
[BlackTitle "WGM"]
[WhiteElo "2360"]
[BlackElo "2228"]
[WhiteFideId "4100123"]
[BlackFideId "8602425"]
[EventDate "2025.12.29"]

1. e4 e5 2. Nf3 Nc6 3. Nc3 Nf6 4. h3 a6 5. d4 exd4 6. Nxd4 Bc5 7. Nxc6 bxc6 8.
Bc4 d6 9. O-O O-O 10. Qf3 Be6 11. Bb3 Nd7 12. Qg3 Kh8 13. Kh1 a5 14. Bf4 Bd4 15.
Bd2 Nc5 16. f4 Nxb3 17. axb3 f5 18. Rad1 c5 19. e5 d5 20. Be3 Bxe3 21. Qxe3 d4
22. Qf3 Qe7 23. Ne2 a4 24. bxa4 Rxa4 25. Ra1 Rb4 26. b3 Rbb8 27. Nc1 Rfd8 28.
Nd3 Bd5 29. Qg3 Be4 30. Kh2 Rb6 31. Ra7 Rg6 32. Qf2 Rxg2+ 33. Qxg2 Bxg2 34. Kxg2
h6 35. Kh2 Qe6 36. Nxc5 Qc6 37. b4 Qb6 38. Rb7 Qc6 39. e6 Re8 40. Kg3 Qd5 41.
Re1 Qc4 42. Rxc7 Qxc2 43. Re5 Qc3+ 44. Kh4 Qxb4 45. e7 Qd2 46. Rxf5 Qe1+ 47. Kh5
Rxe7 48. Rc8+ Kh7 49. Rff8 g6+ 50. Kg4 Qg1+ 51. Kh4 Qf2+ 52. Kg4 Qg2+ 53. Kh4
g5+ 0-1

[Event "World Blitz Women 2025"]
[Site "Doha QAT"]
[Date "2025.12.30"]
[Round "12.32"]
[White "Koneru, Humpy"]
[Black "Girya, Olga"]
[Result "1-0"]
[WhiteTitle "GM"]
[BlackTitle "GM"]
[WhiteElo "2535"]
[BlackElo "2398"]
[WhiteFideId "5008123"]
[BlackFideId "4195752"]
[EventDate "2025.12.29"]

1. Nf3 Nf6 2. c4 e6 3. e3 d5 4. b3 Be7 5. Bb2 O-O 6. d4 c5 7. Bd3 cxd4 8. exd4
b6 9. O-O Bb7 10. Nbd2 Nbd7 11. Qe2 Re8 12. Rfd1 Nf8 13. Rac1 Ng6 14. Bxg6 hxg6
15. c5 a5 16. a3 Ba6 17. Qe3 Rc8 18. b4 Bb5 19. Ne5 Bf8 20. Nb1 Re7 21. Nc3 Be8
22. b5 Rec7 23. c6 Nh7 24. Rc2 Bd6 25. Ne2 f6 26. Nf3 Re7 27. a4 g5 28. h3 Nf8
29. Ba3 Ng6 30. Bxd6 Qxd6 31. Re1 Bf7 32. Ng3 Ree8 33. Ne2 Qb4 34. Nc3 Qd6 35.
Qd2 Nf4 36. h4 Bg6 37. Ra2 g4 38. Nh2 Bf5 39. Ne2 Ng6 40. Ng3 Nxh4 41. Nxf5 exf5
42. Raa1 Ng6 43. Nf1 Nf4 44. Ng3 g6 45. Rxe8+ Rxe8 46. Re1 Rxe1+ 47. Qxe1 Ne6
48. Ne2 Kf7 49. Qc1 g5 50. Qc2 Kg6 51. Qd3 Nf4 52. Nxf4+ Qxf4 53. Qc2 Qc7 54.
Qe2 Kf7 55. Qc2 Kg6 56. Qb3 Qd6 57. Qe3 Kf7 58. Qc3 Qc7 59. g3 Ke6 60. Qc2 Qc8
61. c7 Ke7 62. Qc6 f4 63. Qxb6 fxg3 64. fxg3 Qf5 65. Qc5+ Kf7 66. c8=Q 1-0

[Event "World Blitz Women 2025"]
[Site "Doha QAT"]
[Date "2025.12.30"]
[Round "12.33"]
[White "Priyanka, Nutakki"]
[Black "Vantika, Agrawal"]
[Result "1-0"]
[WhiteTitle "WGM"]
[BlackTitle "IM"]
[WhiteElo "2292"]
[BlackElo "2369"]
[WhiteFideId "25049615"]
[BlackFideId "25050389"]
[EventDate "2025.12.29"]

1. Nf3 d5 2. b3 Nf6 3. Bb2 e6 4. e3 Bd6 5. c4 O-O 6. Be2 Re8 7. d4 b6 8. O-O Bb7
9. Nc3 a6 10. Rc1 Nbd7 11. h3 Qe7 12. Qc2 h6 13. Rfd1 dxc4 14. bxc4 e5 15. dxe5
Nxe5 16. Nd4 g6 17. Nb3 Rad8 18. Nd5 Nxd5 19. cxd5 Bc8 20. Nd4 Qh4 21. Qc3 Bxh3
22. gxh3 Qxh3 23. Bf1 Qg4+ 24. Bg2 Bf8 25. Kf1 Bg7 26. Qd2 h5 27. Qe2 Qd7 28.
Qc2 Re7 29. Nc6 Nxc6 30. dxc6 Qe8 31. Bxg7 Kxg7 32. Rxd8 Qxd8 33. Rd1 Qc8 34.
Qc3+ f6 35. Qd4 Qf5 36. Qd8 Rf7 37. Qd3 Qc5 38. Kg1 h4 39. Qd4 Qg5 40. Qf4 Qh5
41. Rd7 h3 42. Rxf7+ Kxf7 43. Qxc7+ Kg8 44. Qd8+ Kh7 45. Qd7+ Kg8 46. Qc8+ Kg7
47. Bxh3 Qd1+ 48. Bf1 Qd5 49. Qd7+ 1-0

[Event "World Blitz Women 2025"]
[Site "Doha QAT"]
[Date "2025.12.30"]
[Round "12.34"]
[White "Zhu, Chen"]
[Black "Jiang, Tianyu"]
[Result "0-1"]
[WhiteTitle "GM"]
[WhiteElo "2423"]
[BlackElo "2224"]
[WhiteFideId "8600546"]
[BlackFideId "8627215"]
[EventDate "2025.12.29"]

1. c4 e6 2. d4 Nf6 3. Nf3 b6 4. g3 Bb7 5. Bg2 Bb4+ 6. Bd2 a5 7. O-O O-O 8. Nc3
d6 9. b3 Nbd7 10. a3 Bxc3 11. Bxc3 Qb8 12. Re1 Re8 13. Bh3 Ne4 14. Bb2 Ndf6 15.
Nd2 Ng5 16. Bf1 e5 17. h4 Nge4 18. d5 Bc8 19. Bg2 Nxd2 20. Qxd2 b5 21. cxb5 Qxb5
22. Qc3 Bf5 23. e4 Bg6 24. a4 Qb6 25. Ba3 Rab8 26. Rab1 h5 27. Rb2 Rec8 28. Re3
c6 29. dxc6 Rxc6 30. Qd2 Rd8 31. Kh2 Qc7 32. f3 d5 33. exd5 Nxd5 34. Re1 Nf4 35.
Qe3 Nd3 36. Rbe2 Nxe1 37. Rxe1 Rc3 38. Qxe5 Qxe5 39. Rxe5 Rxb3 40. Bc5 Rb2 41.
Kg1 Rd1+ 0-1

[Event "World Blitz Women 2025"]
[Site "Doha QAT"]
[Date "2025.12.30"]
[Round "12.35"]
[White "Nandhidhaa, P V"]
[Black "Bodnaruk, Anastasia"]
[Result "0-1"]
[WhiteTitle "WGM"]
[BlackTitle "IM"]
[WhiteElo "2257"]
[BlackElo "2357"]
[WhiteFideId "5050847"]
[BlackFideId "4181751"]
[EventDate "2025.12.29"]

1. e4 c5 2. Nc3 d6 3. d4 cxd4 4. Qxd4 Nc6 5. Qd2 g6 6. b3 Bg7 7. Bb2 Nf6 8.
O-O-O O-O 9. f3 h5 10. Kb1 a5 11. a4 Nb4 12. h3 Be6 13. g4 h4 14. f4 Rc8 15. f5
Bd7 16. Nf3 Bc6 17. fxg6 Nxe4 18. Qe3 Nxc3+ 19. Bxc3 Bxc3 20. Qxc3 Be4 21. Bc4
d5 22. gxf7+ Rxf7 23. Ng5 Bxc2+ 24. Ka1 Bxd1 25. Nxf7 Kxf7 26. Rxd1 e6 27. Rf1+
Kg8 28. Qe5 Qe7 29. Bb5 Qg7 30. Qxg7+ Kxg7 31. Rd1 0-1

[Event "World Blitz Women 2025"]
[Site "Doha QAT"]
[Date "2025.12.30"]
[Round "12.36"]
[White "Beydullayeva, Govhar"]
[Black "Padmini, Rout"]
[Result "0-1"]
[WhiteTitle "WGM"]
[BlackTitle "IM"]
[WhiteElo "2364"]
[BlackElo "2354"]
[WhiteFideId "13413015"]
[BlackFideId "5029295"]
[EventDate "2025.12.29"]

1. d4 Nf6 2. c4 c5 3. d5 b5 4. cxb5 a6 5. e3 g6 6. Nc3 Bg7 7. e4 d6 8. a4 O-O 9.
Nf3 Nbd7 10. Qc2 axb5 11. Bxb5 Ba6 12. O-O Qb6 13. Ra3 Bxb5 14. Nxb5 Rfb8 15. b3
Ne8 16. Bg5 Ndf6 17. Nd2 Nc7 18. Nxc7 Qxc7 19. Nc4 Rb4 20. Bd2 Rb7 21. Bc3 Nd7
22. Bxg7 Kxg7 23. Qc3+ Kg8 24. a5 Rb4 25. f4 Nf6 26. Re1 Qb7 27. Qd3 Ra7 28. g3
Ra6 29. Rd1 Ne8 30. e5 Nc7 31. exd6 exd6 32. Qe3 Nb5 33. Raa1 Nd4 34. Qe8+ Kg7
35. Nxd6 Rxd6 36. Qe5+ Rf6 37. a6 Qa7 38. Kg2 Rb6 39. g4 Kg8 40. Qe8+ Kg7 41.
Qe5 Kf8 42. d6 Rbxd6 43. g5 Rfe6 44. Qh8+ Ke7 45. b4 Rxa6 46. Rxa6 Qxa6 47. bxc5
Qe2+ 48. Kg3 Qf3+ 0-1

[Event "World Blitz Women 2025"]
[Site "Doha QAT"]
[Date "2025.12.30"]
[Round "12.37"]
[White "Kiolbasa, Oliwia"]
[Black "Yakimova, Mariya"]
[Result "1-0"]
[WhiteTitle "IM"]
[BlackTitle "WFM"]
[WhiteElo "2397"]
[BlackElo "2241"]
[WhiteFideId "1154613"]
[BlackFideId "34188859"]
[EventDate "2025.12.29"]

1. e4 c5 2. Nc3 d6 3. Bb5+ Nd7 4. f4 g6 5. Nf3 Bg7 6. a4 e6 7. O-O Ne7 8. e5
dxe5 9. fxe5 a6 10. Bxd7+ Qxd7 11. Ne4 Bxe5 12. Nxe5 Qd4+ 13. Kh1 Qxe5 14. Nf6+
Kf8 15. d4 Qxf6 16. Rxf6 Nf5 17. dxc5 Kg7 18. Rxf5 exf5 19. Qd4+ f6 20. Bg5 Rf8
21. Re1 Rf7 22. Bxf6+ 1-0

[Event "World Blitz Women 2025"]
[Site "Doha QAT"]
[Date "2025.12.30"]
[Round "12.38"]
[White "Khalilova, Madinabonu"]
[Black "Khamdamova, Afruza"]
[Result "1/2-1/2"]
[WhiteTitle "WCM"]
[BlackTitle "WGM"]
[WhiteElo "2241"]
[BlackElo "2403"]
[WhiteFideId "14223422"]
[BlackFideId "14210444"]
[EventDate "2025.12.29"]

1. d4 d5 2. c4 e6 3. Nf3 Nf6 4. g3 dxc4 5. Bg2 c5 6. O-O Nc6 7. Ne5 Bd7 8. Nxc6
Bxc6 9. Bxc6+ bxc6 10. Qa4 cxd4 11. Qxc6+ Nd7 12. Qxc4 e5 13. e3 Rc8 14. Qa4 Bc5
15. exd4 Bxd4 16. Nc3 O-O 17. Ne2 Nc5 18. Qd1 Nd3 19. Nxd4 Qxd4 20. Be3 Qd5 21.
Qb3 Qd7 22. Rad1 e4 23. f3 Rb8 24. Qa3 Qc6 25. fxe4 Nxb2 26. Rd4 Nc4 27. Qc3 Ne5
28. Qxc6 Nxc6 29. Rd6 Ne5 30. Bxa7 Ra8 31. Bd4 Nc4 32. Rd7 Nd2 33. Rf4 g5 34.
Rg4 h6 35. Be3 Nc4 36. Bd4 Rfd8 37. Rxd8+ Rxd8 38. e5 Na5 39. Bb6 Rd1+ 40. Kf2
Nc6 41. Bc7 Rd2+ 42. Ke3 Rxa2 43. h4 Ne7 44. Bd6 Nf5+ 45. Kf3 Rd2 46. hxg5 h5
47. Rf4 Nxd6 48. exd6 Rxd6 49. Rh4 Kg7 50. Rxh5 Rd4 51. Rh4 Rd3+ 52. Kg4 Rd4+
53. Kh3 Rd5 54. Kg4 Rd4+ 55. Kh5 Rd5 56. Ra4 f6 57. Ra7+ Kg8 58. Ra8+ Kg7 59.
Ra7+ Kg8 1/2-1/2

[Event "World Blitz Women 2025"]
[Site "Doha QAT"]
[Date "2025.12.30"]
[Round "12.39"]
[White "Mamedjarova, Turkan"]
[Black "Charvi A"]
[Result "0-1"]
[WhiteTitle "WGM"]
[BlackTitle "WFM"]
[WhiteElo "2216"]
[BlackElo "2270"]
[WhiteFideId "13402005"]
[BlackFideId "25165518"]
[EventDate "2025.12.29"]

1. d4 Nf6 2. Nf3 g6 3. Bf4 Bg7 4. e3 O-O 5. Bc4 d5 6. Bd3 c5 7. c3 Nc6 8. h3 Re8
9. O-O Nd7 10. Bg3 e5 11. dxe5 Ndxe5 12. Nxe5 Nxe5 13. Bb5 Bd7 14. Be2 Bc6 15.
Nd2 d4 16. cxd4 cxd4 17. exd4 Qxd4 18. Rb1 Rad8 19. Nf3 Qe4 20. Qe1 Nxf3+ 21.
Bxf3 Qf5 22. Qb4 Bxf3 23. gxf3 Qxf3 24. Rfe1 Rxe1+ 25. Qxe1 Bd4 26. Kh2 Bb6 27.
Rc1 h5 28. h4 Qd5 29. Qe7 Qxa2 30. Rc3 Qe6 31. Qxb7 Qf6 32. Rf3 Qe6 33. Qa6 Bxf2
34. Qa5 Bxg3+ 35. Kxg3 Qd6+ 36. Kh3 Qd7+ 37. Kg3 Qg4+ 38. Kf2 Qxh4+ 39. Ke3 Re8+
40. Kd2 Qd4+ 41. Rd3 Qxb2+ 42. Kd1 Qb1+ 43. Kd2 Qe1+ 0-1

[Event "World Blitz Women 2025"]
[Site "Doha QAT"]
[Date "2025.12.30"]
[Round "12.40"]
[White "Dzagnidze, Nana"]
[Black "Mkrtchyan, Mariam"]
[Result "1/2-1/2"]
[WhiteTitle "GM"]
[BlackTitle "WIM"]
[WhiteElo "2469"]
[BlackElo "2353"]
[WhiteFideId "13601903"]
[BlackFideId "13310828"]
[EventDate "2025.12.29"]

1. d4 d5 2. c4 c6 3. Nf3 Nf6 4. Qb3 dxc4 5. Qxc4 Bf5 6. g3 e6 7. Bg2 Be7 8. O-O
O-O 9. Rd1 Nbd7 10. e3 Rc8 11. Nc3 b5 12. Qe2 b4 13. Na4 Qa5 14. b3 c5 15. dxc5
Nxc5 16. Nxc5 Rxc5 17. Nd4 Be4 18. a3 Bxg2 19. Kxg2 Nd5 20. Bd2 Nc3 21. Bxc3
Rxc3 22. axb4 Qxb4 23. Rxa7 Bc5 24. Re7 Bxd4 1/2-1/2

[Event "World Blitz Women 2025"]
[Site "Doha QAT"]
[Date "2025.12.30"]
[Round "12.41"]
[White "Khotenashvili, Bella"]
[Black "Zhapova, Yana"]
[Result "0-1"]
[WhiteTitle "GM"]
[BlackTitle "FM"]
[WhiteElo "2426"]
[BlackElo "2260"]
[WhiteFideId "13602640"]
[BlackFideId "24278670"]
[EventDate "2025.12.29"]

1. Nf3 d5 2. g3 Nd7 3. d4 Nb6 4. a4 a5 5. b3 Nf6 6. Ba3 g6 7. Bg2 Bg7 8. Nbd2
O-O 9. c4 c6 10. O-O Bf5 11. Nh4 Be6 12. c5 Nbd7 13. e3 Re8 14. h3 Nf8 15. b4
axb4 16. Bxb4 b6 17. Qc2 N6d7 18. cxb6 Qxb6 19. Rfb1 Qa6 20. Bf1 Qc8 21. Nb3 Nb8
22. Kh2 Na6 23. Bd2 Nd7 24. Rc1 c5 25. Bc3 c4 26. Nd2 Ndb8 27. Bg2 Nc6 28. Rcb1
Nc7 29. a5 Na6 30. Rb6 f6 31. Qb2 g5 32. Nhf3 Bf7 33. e4 dxe4 34. Nxe4 Bd5 35.
Nfd2 Qd7 36. Qb5 e6 37. Nxc4 Nc7 38. Qa4 Red8 39. Nc5 Qf7 40. Bxd5 exd5 41. Rxc6
dxc4 42. a6 Nd5 43. Ba5 Re8 44. Qxc4 g4 45. h4 f5 46. Rd6 Nf6 47. Qxf7+ Kxf7 48.
Bb6 Re2 49. Kg1 Bf8 50. Rc6 Rc2 51. a7 Nd5 52. h5 Be7 53. Rh6 Kg7 54. Re6 Kf7
55. Ree1 Nxb6 56. Reb1 Bd8 57. Nb7 Bc7 58. d5 Rd2 59. d6 Bxd6 60. Rxb6 Be5 61.
Rb5 Bxa1 62. Rxf5+ Ke6 63. Ra5 Bd4 64. Nd8+ Kd7 65. Rd5+ Kc8 66. Nc6 Bxf2+ 0-1

[Event "World Blitz Women 2025"]
[Site "Doha QAT"]
[Date "2025.12.30"]
[Round "12.42"]
[White "Jarocka, Liwia"]
[Black "Mammadzada, Gunay"]
[Result "0-1"]
[WhiteTitle "FM"]
[BlackTitle "IM"]
[WhiteElo "2258"]
[BlackElo "2390"]
[WhiteFideId "21807558"]
[BlackFideId "13403729"]
[EventDate "2025.12.29"]

1. e4 c5 2. Nc3 d6 3. d4 cxd4 4. Qxd4 Nc6 5. Qd2 g6 6. b3 Bg7 7. Bb2 Nf6 8.
O-O-O O-O 9. f3 a5 10. h4 h5 11. Nge2 a4 12. Nxa4 b5 13. Nac3 b4 14. Na4 Bd7 15.
Kb1 Qc7 16. Nc1 Ne5 17. f4 Bxa4 18. fxe5 Nxe4 19. Qe1 Bc6 20. Qxb4 Nf2 21. exd6
Qa7 22. dxe7 Rfb8 23. Qd6 Nxh1 24. Bxg7 Kxg7 25. Qxc6 Nf2 26. Rd2 Ng4 27. Qc3+
Nf6 28. Qe5 Re8 29. Rf2 Qxe7 30. Qb2 Qe5 31. Bd3 Qxb2+ 32. Kxb2 Ng4 33. Rd2 Ne5
34. Be4 Nc4+ 35. bxc4 Rxe4 36. Kc3 Rxh4 37. c5 Rc8 38. Nb3 Ra4 39. Rd7 Rxa2 40.
Kb4 Rxc2 41. g3 Rb2 42. Kc4 Rxb3 43. Kxb3 Rxc5 44. Rd3 g5 45. Kb4 Rf5 46. Kc4
Re5 47. Kd4 f6 48. Rb3 Kg6 49. Ra3 Re1 50. Rb3 Kf5 51. Ra3 Kg4 52. Rb3 Rg1 53.
Ke4 Rxg3 54. Kd4 0-1

[Event "World Blitz Women 2025"]
[Site "Doha QAT"]
[Date "2025.12.30"]
[Round "12.43"]
[White "Serikbay, Assel"]
[Black "Bayasgalan, Khishigbaatar"]
[Result "0-1"]
[WhiteTitle "WIM"]
[BlackTitle "WCM"]
[WhiteElo "2221"]
[BlackElo "2249"]
[WhiteFideId "13706799"]
[BlackFideId "4904311"]
[EventDate "2025.12.29"]

1. d4 Nf6 2. c4 e6 3. Nc3 d5 4. Bg5 Bb4 5. cxd5 exd5 6. e3 h6 7. Bh4 c6 8. Bd3
Be6 9. Ne2 Nbd7 10. O-O Bd6 11. f4 g5 12. Bg3 Bg4 13. h3 Bxe2 14. Qxe2 Qc7 15.
e4 dxe4 16. Nxe4 O-O-O 17. Nxd6+ Qxd6 18. fxg5 Qxg3 19. gxf6 Rhg8 20. Qf3 Qd6
21. Rad1 Qxd4+ 22. Kh1 Qe5 23. Rde1 Qd6 24. Bf5 Kb8 25. Rd1 Qc7 26. Bxd7 Rxd7
27. Rxd7 Qxd7 28. Qf4+ Ka8 29. Qxh6 Qd5 30. Rf2 a6 31. Qe3 Qxa2 32. Rd2 Qb1+ 33.
Kh2 Qf5 34. Rf2 Qd5 35. Qe7 a5 36. Qa3 Qe5+ 37. Kg1 Rd8 38. Rf1 Rd2 39. Ra1 b6
40. Qf3 Kb7 41. Rc1 Rd5 42. Rf1 Qxb2 43. Re1 Qd4+ 44. Kh1 Rd7 45. Rc1 Rd6 46.
Re1 Qxf6 47. Qb3 b5 48. Qa2 a4 49. Qe2 Re6 50. Qd1 Rxe1+ 51. Qxe1 a3 0-1

[Event "World Blitz Women 2025"]
[Site "Doha QAT"]
[Date "2025.12.30"]
[Round "12.44"]
[White "Mkrtchian, Lilit"]
[Black "Kairbekova, Amina"]
[Result "1-0"]
[WhiteTitle "IM"]
[BlackTitle "WGM"]
[WhiteElo "2366"]
[BlackElo "2353"]
[WhiteFideId "13300601"]
[BlackFideId "13712799"]
[EventDate "2025.12.29"]

1. Nf3 Nf6 2. b3 g6 3. Bb2 Bg7 4. c4 O-O 5. g3 d6 6. Bg2 c5 7. O-O e5 8. d3 Nc6
9. Nc3 h6 10. Nd2 Be6 11. a3 Rc8 12. Nd5 b6 13. Nxf6+ Bxf6 14. Ne4 Bg7 15. Nc3
f5 16. Nd5 Ne7 17. e3 Kh8 18. b4 Qe8 19. bxc5 dxc5 20. Bc3 Qf7 21. Nxe7 Qxe7 22.
Qc2 Rcd8 23. a4 Qd7 24. Rfd1 g5 25. Qb2 Qc7 26. a5 f4 27. axb6 axb6 28. Ra6 f3
29. Bf1 Rb8 30. Rda1 Rb7 31. Rb1 Rfb8 32. Rba1 Bf5 33. e4 Bc8 34. Ra8 Kh7 35.
Rxb8 Rxb8 36. Ra3 Bd7 37. Qa1 Rb7 38. Ra8 b5 39. cxb5 Bxb5 40. Qd1 Qd6 41. Qxf3
Bd7 42. Qf7 Be6 43. Qxb7 g4 44. Ra7 Qf8 45. Bxe5 1-0

[Event "World Blitz Women 2025"]
[Site "Doha QAT"]
[Date "2025.12.30"]
[Round "12.45"]
[White "Chen, Yining"]
[Black "Preobrazhenskaya, Diana"]
[Result "0-1"]
[WhiteTitle "FM"]
[BlackTitle "WFM"]
[WhiteElo "2278"]
[BlackElo "2131"]
[WhiteFideId "8620946"]
[BlackFideId "34270566"]
[EventDate "2025.12.29"]

1. d4 Nf6 2. c4 e6 3. Nf3 b6 4. a3 Bb7 5. Nc3 d5 6. cxd5 Nxd5 7. Qc2 Be7 8. e4
Nxc3 9. bxc3 Nd7 10. Bf4 O-O 11. Bd3 c5 12. O-O Rc8 13. Qe2 cxd4 14. cxd4 Rc3
15. Bc1 Nc5 16. dxc5 Qxd3 17. Qxd3 Rxd3 18. cxb6 axb6 19. Be3 Bxe4 20. Bxb6 Bxf3
21. gxf3 Bxa3 22. Kg2 Rb8 23. Rab1 h5 24. Rb5 g6 25. Rfb1 Be7 26. Bc7 Rc8 27.
Be5 Rd5 28. Rb8 Rxb8 29. Rxb8+ Rd8 30. Rb7 Re8 31. h3 Bh4 32. f4 Rc8 33. Kf3 Kf8
34. Bd6+ Kg7 35. Be5+ Bf6 36. Bd6 Rc3+ 37. Kg2 Rc6 38. Rd7 Rc8 39. Rb7 Rd8 40.
Rb6 Bd4 41. Ra6 Kf6 42. Bc7 Rd7 43. Bb8 Rb7 44. Bd6 Rd7 45. Bb8 Kf5 46. Kf3 Rd5
47. Ra4 Rd7 48. Ra5+ Kf6 49. Ra4 Ke7 50. Rc4 Bf6 51. Ra4 Rb7 52. Ba7 Kf8 53.
Bc5+ Kg7 54. Be3 Rb3 55. Ra7 Bd4 56. Ke4 Bxa7 0-1

[Event "World Blitz Women 2025"]
[Site "Doha QAT"]
[Date "2025.12.30"]
[Round "12.46"]
[White "Krush, Irina"]
[Black "Gu, Xiaobing"]
[Result "1-0"]
[WhiteTitle "GM"]
[BlackTitle "WGM"]
[WhiteElo "2402"]
[BlackElo "2106"]
[WhiteFideId "2012782"]
[BlackFideId "8602611"]
[EventDate "2025.12.29"]

1. c4 Nf6 2. Nf3 g6 3. Nc3 Bg7 4. e4 d6 5. d4 O-O 6. Be2 e5 7. d5 a5 8. Be3 Na6
9. Nd2 Nd7 10. g4 Ndc5 11. h4 c6 12. g5 cxd5 13. cxd5 Bd7 14. h5 Nc7 15. a4 Qe8
16. Nc4 Ra6 17. Nxd6 Rxd6 18. Bxc5 Qe7 19. Nb5 Bxb5 20. Bxb5 f5 21. h6 Bh8 22.
Qe2 fxe4 23. O-O-O Rc8 24. Kb1 b6 25. Bxd6 Qxd6 26. Rc1 Rf8 27. Rc6 Qd8 28. d6
Ne6 29. Bc4 Qd7 30. Qxe4 Rf4 31. Qd5 Kf7 32. Rc7 1-0

[Event "World Blitz Women 2025"]
[Site "Doha QAT"]
[Date "2025.12.30"]
[Round "12.47"]
[White "Shvedova, Alexandra"]
[Black "Rodriguez Redondo, Adhara"]
[Result "1-0"]
[WhiteTitle "WIM"]
[BlackTitle "WFM"]
[WhiteElo "2255"]
[BlackElo "2207"]
[WhiteFideId "54154782"]
[BlackFideId "32065698"]
[EventDate "2025.12.29"]

1. e4 e5 2. Nf3 Nc6 3. Bc4 Bc5 4. O-O Nf6 5. d3 a6 6. a4 Ba7 7. c3 d6 8. Nbd2 h6
9. Re1 g5 10. b4 Nh7 11. Nf1 g4 12. N3d2 h5 13. Nb3 Ng5 14. b5 Nb8 15. d4 Qf6
16. Bxg5 Qxg5 17. Qd3 Nd7 18. Rad1 O-O 19. bxa6 bxa6 20. a5 Nf6 21. Ne3 Qg6 22.
Nf5 Re8 23. Qe3 Be6 24. Bxe6 fxe6 25. Nh4 Qg7 26. Nd2 exd4 27. cxd4 e5 28. Nf5
Qg6 29. Qb3+ Kh7 30. Qc4 exd4 31. Qxc7+ Kh8 32. Qxd6 Rad8 33. Qf4 d3 34. Nc4 d2
35. Nxd2 Rd4 36. Nxd4 Bxd4 37. e5 Bxe5 38. Rxe5 1-0

[Event "World Blitz Women 2025"]
[Site "Doha QAT"]
[Date "2025.12.30"]
[Round "12.48"]
[White "Shubenkova, Veronika"]
[Black "Atalik, Ekaterina"]
[Result "1-0"]
[WhiteTitle "WFM"]
[BlackTitle "IM"]
[WhiteElo "2013"]
[BlackElo "2349"]
[WhiteFideId "44124040"]
[BlackFideId "4130189"]
[EventDate "2025.12.29"]

1. d4 d5 2. e3 c6 3. f4 e6 4. Nf3 f5 5. Ne5 Nf6 6. Bd3 Nbd7 7. O-O Bd6 8. c4 O-O
9. cxd5 cxd5 10. Nc3 a6 11. Qb3 Qe7 12. Bd2 Ne4 13. Nxe4 fxe4 14. Be2 Nf6 15.
Rac1 Rb8 16. Be1 Bd7 17. Bh4 Rfc8 18. Rxc8+ Bxc8 19. Rc1 Qe8 20. Qb6 Qf8 21. a3
Nd7 22. Qb3 b5 23. Nc6 Ra8 24. a4 b4 25. a5 Bb7 26. Ne5 Nf6 27. Qa4 Rc8 28. Rf1
Qe8 29. Qb3 Nd7 30. h3 Nxe5 31. fxe5 Bf8 32. Be1 Qe7 33. Bg4 Bc6 34. Bxb4 Qd7
35. Bxf8 Rxf8 36. Rxf8+ Kxf8 37. Qb8+ Kf7 38. Bh5+ g6 39. Be2 Kg7 40. Bxa6 Qf7
41. Qc8 Ba4 42. Qb7 Bd7 43. Bb5 Bxb5 44. Qxb5 Qf5 45. Qd7+ Kh6 46. Qe7 Qh5 47.
Qf8+ Kg5 48. Qf4# 1-0